[Event "Vilnius Zavanelli Memorial op-B"]
[Site "Vilnius"]
[Date "2018.10.27"]
[Round "5"]
[White "Hodzdanker, Mikhail"]
[Black "Sarauskas, Andrius"]
[Result "1-0"]
[WhiteElo "2050"]
[BlackElo "1764"]
[PlyCount "141"]
[EventDate "2018.10.25"]
[EventType "swiss"]
[EventRounds "7"]
[EventCountry "LTU"]
[SourceTitle "EXT 2021"]
[Source "ChessBase"]
[SourceDate "2020.10.23"]
[SourceVersion "1"]
[SourceVersionDate "2020.10.23"]
[SourceQuality "1"]

1. c4 Nf6 2. Nc3 g6 3. e4 d6 4. g3 Bg7 5. Bg2 e5 6. Nge2 0-0 7. d3 c6 8. 0-0 a6 9. a4 a5 10. h3 Ne8 11. f4 f5 12. Be3 Na6 13. Qd2 Nec7 14. Na2 Nc5 15. Qc2 N7a6 16. Rfd1 Qe7 17. Bd2 Bh6 18. Bxa5 fxe4 19. dxe4 exf4 20. Bd2 g5 21. Rf1 f3 22. Rxf3 Rxf3 23. Bxf3 Bxh3 24. Nd4 Bg7 25. Nf5 Bxf5 26. exf5 Qe5 27. Bxg5 Qxg3+ 28. Qg2 Qxg2+ 29. Kxg2 Bxb2 30. Rd1 Be5 31. Be7 Nxa4 32. Bh5 Nb2 33. Rg1 Bd4 34. Rf1 Nc5 35. f6 Bxf6 36. Rxf6 Rxa2 37. Rf5 Nxc4+ 38. Kh3 Ra3+ 39. Kh4 Ne5 40. Bxd6 Ng6+ 41. Bxg6 hxg6 42. Rf8+ Kg7 43. Bxc5 Ra4+ 44. Kg3 Rc4 45. Bd6 b5 46. Rf2 g5 47. Be7 Kg6 48. Rf8 Rc3+ 49. Kg2 Rc4 50. Bd8 Rc2+ 51. Kf3 Rc4 52. Rg8+ Kf7 53. Rxg5 Ke6 54. Ke3 Kd7 55. Bb6 Kc8 56. Rg7 Kb8 57. Kd3 Kc8 58. Rh7 Kb8 59. Be3 Ka8 60. Bg1 Kb8 61. Bf2 Kc8 62. Ke3 Kd8 63. Kf3 Kc8 64. Be3 Kd8 65. Bf4 Kc8 66. Kg4 Rc2 67. Kf5 b4 68. Be5 Kd8 69. Ke6 Kc8 70. Rc7+ Kd8 71. Rb7 1-0

[Event "Vilnius Zavanelli Memorial op-B"]
[Site "Vilnius"]
[Date "2018.10.26"]
[Round "3"]
[White "Hodzdanker, Mikhail"]
[Black "Vasiliauskas, Nerijus"]
[Result "0-1"]
[WhiteElo "2050"]
[BlackElo "1925"]
[PlyCount "90"]
[EventDate "2018.10.25"]
[EventType "swiss"]
[EventRounds "7"]
[EventCountry "LTU"]
[SourceTitle "CBM 187 Extra"]
[Source "ChessBase"]
[SourceDate "2018.11.04"]
[SourceVersion "1"]
[SourceVersionDate "2018.11.04"]
[SourceQuality "1"]

1. c4 e5 2. Nc3 Nf6 3. g3 c6 4. d4 exd4 5. Qxd4 Be7 6. Bg2 0-0 7. e4 d6 8. Bf4 Nh5 9. Be3 c5 10. Qd3 Nc6 11. Rd1 Be6 12. Qe2 Nf6 13. Bxc5 Ne5 14. b3 a6 15. f4 Bg4 16. Nf3 Qa5 17. Bd4 Nc6 18. Qe3 Nxd4 19. Rxd4 d5 20. 0-0 dxe4 21. Nxe4 Nxe4 22. Rxe4 Bc5 23. Nd4 Bd7 24. Rd1 Qxa2 25. Re5 Rae8 26. Qc3 Rxe5 27. fxe5 Qe2 28. Qf3 Qxe5 29. Qe4 Qxe4 30. Bxe4 Bg4 31. Rd2 Rd8 32. Bd5 Be6 33. b4 Ba7 34. Kg2 Bxd5+ 35. cxd5 Rxd5 36. Rc2 g6 37. Nf3 Rb5 38. Rc4 h5 39. h4 Kg7 40. Ng5 Bb6 41. Re4 Bd8 42. Nf3 Bf6 43. Kf2 Bc3 44. Re7 Bxb4 45. Rd7 Bc5+ 0-1